Normal view
MARC view
- 2nd edition.
Entry Uniform Title
001 - CONTROL NUMBER
- control field: 8517
003 - CONTROL NUMBER IDENTIFIER
- control field: NUST
005 - DATE AND TIME OF LATEST TRANSACTION
- control field: 20180117111736.0
008 - FIXED-LENGTH DATA ELEMENTS
- fixed length control field: 180117|| aca||aabn | a|a d
040 ## - CATALOGING SOURCE
- Original cataloging agency: NUST
- Transcribing agency: NUST
130 ## - HEADING--UNIFORM TITLE
- Uniform title: 2nd edition.
670 ## - SOURCE DATA FOUND
- Source citation: Work cat.: (NUST)28764: Munkres, James. 8507, Topology /, 2000.
